Un libelo anticespedista (Record no. 118802)

MARC details
000 -LEADER
campo de control de longitud fija 00572nam a2200169 4500
001 - NÚMERO DE CONTROL
campo de control 118802
003 - IDENTIFICADOR DE NÚMERO DE CONTROL
campo de control ES-MaACL
005 - FECHA Y HORA DE LA ÚLTIMA TRANSACCIÓN
campo de control 20230906191200.0
007 - CAMPO FIJO DE DESCRIPCIÓN FÍSICA--INFORMACIÓN GENERAL
campo de control de longitud fija t|
008 - DATOS DE LONGITUD FIJA--INFORMACIÓN GENERAL
campo de control de longitud fija 070214s1956 cu r ||||1| spa d
100 1# - ENTRADA PRINCIPAL--NOMBRE DE PERSONA
Nombre de persona Pérez Cabrera, José Manuel.
9 (RLIN) 90691
245 13 - MENCIÓN DEL TÍTULO
Título Un libelo anticespedista
Resto del título : discurso leído /
Mención de responsabilidad, etc. por el Dr. José Manuel Pérez Cabrera el 9 de octubre de 1956.
260 ## - PUBLICACIÓN, DISTRIBUCIÓN, ETC.
Lugar de publicación, distribución, etc. La Habana :
Nombre del editor, distribuidor, etc. El Siglo XX,
Fecha de publicación, distribución, etc. 1956.
300 ## - DESCRIPCIÓN FÍSICA
Extensión 30 p. ;
Dimensiones 24 cm.
500 ## - NOTA GENERAL
Nota general Precede al tit. : Academia de la Historia de Cuba.
852 ## - LOCALIZACIÓN
Ubicación ES-MaACL
Número de control de estantería 1976-F-6
Sublocalización o colección R.40235
Holdings
Estatus retirado Estado de pérdida Estado de daño No para préstamo Colección Biblioteca de origen Biblioteca actual Ubicación en estantería Fecha de adquisición Fuente de adquisición Total de préstamos Signatura topográfica completa Código de barras Visto por última vez Precio de reemplazo Tipo de ítem Koha
        Colección de folletos Biblioteca del Ateneo de Madrid Biblioteca del Ateneo de Madrid Depósito folletos 17/01/2008     1976-F-6 1123851 23/02/2023 23/02/2023 Folleto